000 00634nam a2200181Ia 4500
008 090123s9999 xx 000 0 und d
082 _b3661
100 _aकेळकर भालबा
245 _aशेरलॉक होम्सच्या चातुर्यकथा
250 _a1
260 _c1974
300 _a95
600 _aकेळकर भालबा
630 _aशेरलॉक होम्सच्या चातुर्यकथा
700 _aकेळकर भालबा
730 _aशेरलॉक होम्सच्या चातुर्यकथा
942 _cBOOK
999 _c41740
_d41740